000
00205nam a2200097Ia 4500
008
240331s9999 xx 000 0 und d
082
_b
THA
100
_a
Thanges,P
245
0
_a
Paramsothy thanges
942
_c
L
999
_c
4614
_d
4614